00277 a2200121 4500001000700000020001800007040003500025100002000060240003200080245002700112300000700139362000900146156732 a9780194401128 cEscola São Tomás de Aquino aKENSHOLE, Fiona10aCity Girl, Country Boyleng10aCity Girl, Country Boy a340 a2014